000 02040nam0a2200373 i 4500
001 RU\NLR\BIBL_A\012530825
005 20260407080811.0
010 _a9785944313775
_91300
035 _a(NLR Aleph) 012530825
090 _a12364000
_c12364000
100 _a20210528d2018 u y0rusy50 ca
101 0 _arus
102 _aRU
105 _aac z 000zy
181 0 _ai
_baxxe
182 0 _an
200 1 _a"Своя рубаха ближе к телу …"
_eколлекция рубах в собрании Российского этнографического музея
_fН. М. Калашникова
_g[Федеральная целевая программа "Культурное наследие России"]
203 _aТекст
_bвизуальный
_cнепосредственный
210 _aМосква
_cСеверный паломник
_d2018
215 _a189, [3] с.
_cил., цв. ил., портр.
_d23
320 _aБиблиогр.: с. 188-190
517 1 _aКоллекция рубах в собрании Российского этнографического музея
601 0 2 _aРоссийский этнографический музей
_cСанкт-Петербург, город
_xКоллекция костюма
_92168506
_3RU\NLR\AUTH\6601541281
606 1 _aКостюм народов России
_z18 - 20 вв.
_92168500
_3RU\NLR\AUTH\6601541278
686 1 _aЩ101.3(2Р)-2Санкт-Петербург2 Российский этнографический музей л61
686 1 _aЩ123.63(2Р)0л61
686 1 _aТ52(2)-426л61
700 1 _7ca
_8rus
_aКалашникова
_bН. М.
_cд-р культурологии
_f1946-
_gНаталья Моисеевна
_924628
_3RU\NLR\AUTH\7741680
712 0 2 _4570
_aРоссийский этнографический музей
_cСанкт-Петербург
_9284472
_3RU\NLR\AUTH\886334
942 _cBOOK
980 _aNBR